00371nam a22001577a 4500003000400000008004100004020001800045082001600063100001600079245003700095250001100132260002200143300000800165650002100173700001900194OSt230414b |||||||| |||| 00| 0 eng d a9789389552386 a796.069 BET aBEECH, John aThe Business of Sport Management a2nd Ed aUPbPearsonc2020 a592 aDecentralization aCHADWICK,Simon